| 000 | 01086nam a22003377a 4500 | ||
|---|---|---|---|
| 001 | 00260 | ||
| 003 | DO-SdBNP | ||
| 005 | 20171213101933.0 | ||
| 008 | 151105b 1981 sp xxu||||| |||| 00| 0 spa d | ||
| 020 | _a8475250017 | ||
| 040 |
_aBPMSU _bspa _cBPMSU |
||
| 041 | 1 | 7 |
_aspa _heng |
| 092 |
_axxxxx _bxxxxx |
||
| 100 | 1 |
_aTwain, Mark, _d1835-1910. |
|
| 245 | 1 | 0 |
_aLas aventuras de Huckleberry Finn / _cMark Twain ; traducción Doris Rolfe, Antonio Ferres ; ilustracion E. W. Kemble. |
| 260 |
_aMadrid : _bEdiciones Generales Anaya, _c1981. |
||
| 300 |
_a351 p. : _bil. ; _c20 cm. |
||
| 490 | 1 |
_aTus libros _v8 |
|
| 490 | 1 | _aSatíricos | |
| 500 | _aIncluye referencias bibliográficas y notas al pie de las páginas. | ||
| 504 | _aBibliografía : p. 350-351 | ||
| 534 | _aAdventures of Huckleberry Finn. | ||
| 700 |
_aRolfe, Doris, _etr. |
||
| 700 |
_aFerres, Antonio, _etr.. |
||
| 700 |
_aKemble, E. W., _eil. |
||
| 830 | 0 |
_aTus libros ; _n8 |
|
| 830 | _aSatíricos | ||
| 942 |
_2ddc _cBK |
||
| 945 | _aInventariado extranjero 2017/ YL | ||
| 956 | _aLorenza Pérez | ||
| 999 |
_c8563 _d8563 |
||